| 000 -LEADER |
| fixed length control field |
00711nam a22001457a 4500 |
| 008 - FIXED-LENGTH DATA ELEMENTS--GENERAL INFORMATION |
| fixed length control field |
220702b ||||| |||| 00| 0 eng d |
| 100 ## - MAIN ENTRY--PERSONAL NAME |
| Personal name |
Dadhick, Balendu Sharma |
| 245 ## - TITLE STATEMENT |
| Title |
Decoding modern tech terms |
| 260 ## - PUBLICATION, DISTRIBUTION, ETC. (IMPRINT) |
| Place of publication, distribution, etc |
Yojana |
| 300 ## - PHYSICAL DESCRIPTION |
| Extent |
66(6), Jun, 2022: p.7-9 |
| 520 ## - SUMMARY, ETC. |
| Summary, etc |
This is the era of path-breaking innovation invention, and products showcasing the use of technology. These products startle us with their capabilities and possibilities. While artificial intelligence. Quantum, cloud computing, and blockchain were making a mark till recently, NFTs and met averse are added to he list of these buzzwords. – Reproduced
|
| 773 ## - HOST ITEM ENTRY |
| Main entry heading |
Yojana |
| 906 ## - LOCAL DATA ELEMENT F, LDF (RLIN) |
| Subject DIP |
INNOVATIONS |
| 942 ## - ADDED ENTRY ELEMENTS (KOHA) |
| Item type |
Articles |